000 00511nam a2200169Ia 4500
003 IN-BaIIA
008 211028s9999 xx 000 0 eng d
040 _cIIA Library
080 _a551.510.5
_bMAN
100 _aManning, A. Laurence
_93985
245 0 _aBibliography of the Ionosphere
_cLaurence A. Manning
260 _bStanford University Press
_c1962
300 _axiii,613p
650 _aAstronomy and Astrophysics Thesaurus
650 _aIonosphere
942 _cBK
999 _c2198
_d2198